A Letter to the President Quiz Stats

 Plays Quiz Updated Sep 22, 2014

Challenge
Share
Tweet
Embed
Score 0/20 Timer 03:00
1 Play Today
Anagram (+1) President % Correct
shrub Bush
86.8%
fatty Taft
86.3%
plonk Polk
75.2%
madrasAdams
66.5%
amoeba Obama
65.8%
overhot Hoover
57.6%
creepiePierce
55.8%
rating Grant
49.7%
slowing Wilson
47%
erraticCarter
46.8%
Anagram (+1) President % Correct
royalty Taylor
44.8%
adhering Harding
44.8%
unsmartTruman
41.1%
hyenas Hayes
38.3%
carnageReagan
37.4%
termlyTyler
36.7%
ideologic Coolidge
34.9%
diamonds Madison
33.3%
doormen Monroe
31.2%
lifeguard Garfield
30.4%

You're not logged in!

Compare scores with friends on all Sporcle quizzes.
OR
Log In

You Might Also Like...

Show Comments

Extras

Top Quizzes Today


Score Distribution

Your Account Isn't Verified!

In order to create a playlist on Sporcle, you need to verify the email address you used during registration. Go to your Sporcle Settings to finish the process.

Report this User

Report this user for behavior that violates our Community Guidelines.

Details: